Predstavujeme Vám nový prípravok

Podrobná bibliografia
Hlavný autor: Sedlárová, Helena (Autor)
Médium: Článok
Jazyk:slovenčina
Fyzický popis:Obr.
ISSN:1210-2105
Predmet:

MARC

LEADER 00000nab a2200000 a 4500
001 vtls000844699
003 SK-MaSNL
005 20260302164236.0
008 160405c2003 xo 0 slo
015 |a SNBRB2003/08-24796 
035 |a CLN000196354 
040 |a SNKBUCL  |b slo  |c SNKBUCL  |e AACR2 
041 0 |a slo 
044 |a xo  |c SK 
080 |a 615.22  |2 1997 
100 1 |a Sedlárová, Helena  |4 aut  |9 649785 
245 1 0 |a Predstavujeme Vám nový prípravok  |c Helena Sedlárová 
300 |b Obr. 
650 0 7 |a antagonisty beta-adrenergické  |x použitie terapeutické  |2 MESH  |9 866836 
650 0 7 |a choroby kardiovaskulárne  |x farmakoterapia  |2 MESH  |9 856951 
650 0 7 |a Vasocardin (liek)  |2 snkbucl  |9 866837 
650 0 7 |a beta-blokátor adrenergných receptorov  |2 snkbucl  |9 866838 
655 7 |a články z novín a časopisov  |2 snkbucl  |9 267496 
773 0 |x 1210-2105  |t Liečivár  |g Roč. 27, č. 5 (2003), s. 3 
850 |a Slovenská národná knižnica v Martine 
852 |a SNK  |b KIS3GCP 
958 |a MI 
958 |a RBX 
999 |c 1386079  |d 1388009